| 000 | 00322 a2200121 4500 | ||
|---|---|---|---|
| 020 | _a007068135X | ||
| 082 | _a624.171 WAN | ||
| 100 | _aWang, C. K. | ||
| 245 |
_aIntermediate structural analysis _cC. K. Wang |
||
| 250 | _a4th. ed. | ||
| 260 |
_aAuckland : _bMcGraw Hill _c1987 |
||
| 300 |
_axv. 781 p. : _bill. ; _c20 cm. |
||
| 650 | _astrcutural analysis | ||
| 999 |
_c306 _d306 |
||